LEADER 02053nam 2200361 n 450 001 996392162003316 005 20200824121758.0 035 $a(CKB)4940000000108364 035 $a(EEBO)2248553954 035 $a(UnM)99863275e 035 $a(UnM)99863275 035 $a(EXLCZ)994940000000108364 100 $a19930406d1659 uy | 101 0 $aeng 135 $aurbn||||a|bb| 200 10$aLoyalty banished: or England in mourning·$b[electronic resource] $eBeing a perfect narrative of the present affairs and proceedings, between divers Members of Parliament, and M. Wil. Prynne ... With the several speeches made in the House, by Sir Arthur Haslerigge, Sir Henry Vane, Master Hungerford, and Mr. Ansley; and the answer and reply of the said Mr. Prynne thereunto ... together with his proposals to the people; and the names of the secluded Members cast into hell, by the power of the sword; and what proceeded thereupon. As also Mr. Prynnes demands to the Parliament, in the name of all the commons of England 210 $a[London $cs.n.]$dPrinted in the year, 1659 215 $a8 p 300 $aAn abridgment of the first 17 pages and a translation of the last paragraph of: A true and perfect narrative of what was done, spoken by and between Mr. Prynne, the old and newly forcibly late secluded members, the Army officers, and those now sitting, both in the Commons lobby, House, and elsewhere; on Saturday and Monday last (the 7. and 9. of this instant May). 300 $aPlace of publication from Wing. 300 $aAnnotation on Thomason copy: "June. 16". 300 $aReproduction of the original in the British Library. 330 $aeebo-0018 607 $aGreat Britain$xHistory$yCommonwealth and Protectorate, 1649-1660$vEarly works to 1800 700 $aPrynne$b William$f1600-1669.$0198500 801 0$bCu-RivES 801 1$bCu-RivES 801 2$bCStRLIN 801 2$bWaOLN 906 $aBOOK 912 $a996392162003316 996 $aLoyalty banished: or England in mourning·$92418966 997 $aUNISA LEADER 01524nam0 22003131i 450 001 UON00495850 005 20231205105352.871 100 $a20190621d1911 |0itac50 ba 101 $alat 102 $aGB 105 $a|||| ||||| 200 1 $aIsidori Hispalensis Episcopi Etymologyarum, sive originum$elibri 20. / recognovit brevique adnotatione critica instruxit W. M. Lindsay 210 $aOxonii$ce typographeo clarendoniano$dc1911 215 $a2 v.$d20 cm. 316 $avalore stimato$5IT-UONSI Fil.GX/007 b 606 $aFILOSOFIA CRISTIANA$3UONC005933$2FI 620 $aGB$dOxford$3UONL000029 676 $a189$cFILOSOFIA MEDIEVALE$v21 700 0$aISIDORUS : Hispalensis$csanto$3UONV062374$0714440 702 1$aLINDSAY$bWallace Martin$3UONV124837 712 $aOxford University Press$3UONV245947$4650 790 0$aISIDORO : di Siviglia $zISIDORUS : Hispalensis $3UONV056632 790 0$aHISIDORUS : Hispalensis $yISIDORUS : Hispalensis $3UONV060986 801 $aIT$bSOL$c20241115$gRICA 912 $aUON00495850 950 $aSIBA - SISTEMA BIBLIOTECARIO DI ATENEO$dSI Fil.G X 007 a $eSI MR 31946 5 007 a 950 $aSIBA - SISTEMA BIBLIOTECARIO DI ATENEO$dSI Fil.G X 007 b $eSI MR 31946/1 5 007 b valore stimato 996 $aIsidori Hispalensis Episcopi Etymologyarum, sive originum$91524969 997 $aUNIOR